| 000 | 00367nam a22001457a 4500 | ||
|---|---|---|---|
| 020 | _a9787119130927 | ||
| 082 |
_a335.4345 _bJIN |
||
| 100 | _aXi Jinping | ||
| 245 | _aThe Governance of China – Volume IV | ||
| 260 |
_c2022. _aChina: _bForeign Language publishing; |
||
| 300 | _a575p | ||
| 563 | _aPB | ||
| 650 |
_aGovernance, politics _9132160 |
||
| 942 |
_2ddc _cBK |
||
| 999 |
_c615424 _d615424 |
||